Nuevo código procesal constitucional comentado (Registro nro. 22117)

Detalles MARC
000 -Cabecera
Campo de control interno 00865nam a22002537a 4500
005 - Fecha y hora del registro
control field 20260416161115.0
008 - Elementos de Longitud Fija
fixed length control field 260324b |||||||| |||| 00| 0 spa d
020 ## - ISBN
ISBN 9786123331665
082 ## - DEWEY y NOTACIÓN INTERNA
Dewey 343.4
Notación Interna C89 T. 1
100 ## - AUTOR
Autor denominación ,
110 ## - AUTOR INSTTITUCIONAL
Autor Institucional Gaceta Jurídica
245 ## - TÍTULO DE MATERIAL BIBLIOGRÁFICO
Título Nuevo código procesal constitucional comentado
250 ## - EDICIÓN
Edición Segunda edición
260 ## - CIUDAD, EDITORIAL, AÑO
Ciudad Lima :
Nombre de la Editorial Gaceta Jurídica,
Año 2026
300 ## - DESCRIPCIÓN
N° Páginas 1038 páginas :
Otros detalles cuadros ;
Dimensiones 25 cm.
440 ## - MENCIÓN DE SERIE
Título de la Serie ;
650 ## - TEMAS
Temas Ciencias Sociales
653 ## - DESCRIPTORES
Lenguajes no controlado Derecho; Derecho constitucional; Código procesal constitucional
654 ## - PROGRAMAS
Programa Dpto. de Derecho y Ciencia Política
700 ## - OTROS AUTORES
Otros autores Sánchez, Arturo Crispín,
Termino Relacionado coordinador
856 ## - URL - UBICACIÓN
URI/URL: Enlace exacto del recurso <a href="https://0u214tvt8-y-https-app-vlex-com.itmsp.museknowledge.com/search/jurisdiction:PE/nuevo+codigo+procesal+constitucional">https://0u214tvt8-y-https-app-vlex-com.itmsp.museknowledge.com/search/jurisdiction:PE/nuevo+codigo+procesal+constitucional</a>
Nota pública: Versión digital <a href="Véase además: Base de datos Vlex">Véase además: Base de datos Vlex</a>
942 ## - ELEMENTOS DE KOHA
Nombre del creador Justo Noguera
Código de catalogador Mirtha Ponce
Suppress in OPAC No
Esquema de clasificación Dewey Decimal Classification
Tipo de documento Libro
Existencias
Codigo completo Registro Colección Copia número Disponibilidad Tipo de préstamo Biblioteca Actual Procedencia (Biblioteca) Ubicacón Fecha Ingreso Tipo de Adquisición Observación Date last seen Total checkouts Price effective from Tipo de Item Estado del Material Fuente de Clasificación Damaged status Withdrawn status
343.4 C89 T. 1 1088208 Universidad Católica San Pablo 1 Disponible Disponible Víctor Andrés Belaunde Víctor Andrés Belaunde Primer piso 24/03/2026 Compra Derecho 24/03/2026   24/03/2026 Libro Bueno Dewey Decimal Classification